| 000 | 00538cam a22001817a 4500 | ||
|---|---|---|---|
| 001 | 12379785 | ||
| 005 | 20180407102128.0 | ||
| 008 | 010405s2001 onc b 001 0 eng d | ||
| 020 | _a9781474428932 | ||
| 040 | _cPK-LaUMT | ||
| 082 | 0 | 0 |
_a321.8 _221 _bTRO- |
| 245 | 1 | 4 |
_aThe trouble with democracy : _bpolitical modernity in the 21st century / _cGerard Rosich and Peter Wagner |
| 260 |
_aEdinburgh : _bEdinburgh University Press, _c2017 |
||
| 300 |
_a286 p. ; _c24 cm. |
||
| 650 | 0 | _aDemocracy. | |
| 650 | 6 | _aDémocratie. | |
| 942 | _cBK | ||
| 999 |
_c104203 _d104203 |
||